| 000 | 00996nam a22002537a 4500 | ||
|---|---|---|---|
| 005 | 20240305165613.0 | ||
| 007 | cr|||| |||| | ||
| 008 | 210820s2021 ca |||||s|||| 00||0 eng d | ||
| 020 | _a978-1-55221-626-2 | ||
| 035 | _a35196 | ||
| 040 | _avLex | ||
| 090 |
_c12101 _d12101 |
||
| 100 | 1 | _aKaplan, Ari | |
| 245 | 1 | 0 |
_aPension Law _h[Recurso electrónico] / _cAri Kaplan, Mitch Frazer |
| 256 | _aServicio en línea | ||
| 260 |
_aToronto: _bIrwin Law Inc., _c2021 |
||
| 300 | _a1 recurso electrónico | ||
| 506 | 1 |
_aDisponible solo en los productos indicados _dvLex Global _dvLex Global (Academic Edition, excluding Law Schools) _dvLex Global (U.S. Academic Edition, Law Schools) _dvLex Global (U.S. Academic Edition, excluding Law Schools) _dvLex Global (Academic Edition, Law Schools) |
|
| 650 | 0 | 4 |
_aDerecho Laboral y Seguridad Social _zCanadá |
| 700 | 1 | _aFrazer, Mitch | |
| 740 | 0 | _avLex Libros (Servicio en línea) | |
| 856 | 4 | 0 | _uhttps://app.vlex.com/#/sources/35196 |
| 942 | _cRAA | ||
| 999 |
_c170337 _d170337 |
||